000 00426 a2200169 4500
001 194588
020 _a978-85-286-1426-8
040 _cMagnum
100 _aGoudge, Eileen
240 1 0 _aEstranhos no paraíso 1 - Amores Possíveis
_lpor
245 1 0 _aEstranhos no paraíso 1 - Amores Possíveis
300 _a392
362 0 _a2010
440 1 _aBertrand Brasil
697 _aLITERATURA GERAL ESTRANGEIRA
942 _cBK
999 _c194588
_d194588